000 00799nam a2200241 a 4500
001 BRCA_7489
005 20190320205845.0
008 260413s1950----sp-a######---#000-0#spa-#
041 _aspa
044 _asp
050 4 _aND813.T4
_b.C36 1950
100 1 _aCamón Aznar, José
_910797
245 1 0 _aDominico Greco
_cJosé Camón Aznar.
260 _aMadrid
_bEspasa-Calpe
_c1950
300 _a2 v.
_bil. (algunas a color), láminas
_c28 cm.
500 _aEl Tomo II incluye catálogo de obras del Greco, índice alfabético de grabados e índice de materias
500 _aR19
505 0 _av.1 El Greco Bizantino.-- v.2 Época de los Retablos
600 1 4 _aTheotocopulli, Dominico
_cllamado El Greco
_dm. 1614
_918442
650 1 4 _aPintores españoles
_97620
902 _aGFM
942 _2lcc
_cB
999 _c7164
_d7164